[Event "Oberliga Wuerttemberg 0910"]
[Site "Wuerttemberg"]
[Date "2009.11.15"]
[Round "3.6"]
[White "Neurohr, Karsten"]
[Black "Bogenschuetze, Paul Jr"]
[Result "0-1"]
[WhiteElo "2118"]
[BlackElo "2129"]
[PlyCount "80"]
[EventDate "2009.10.11"]
[EventType "team-tourn"]
[EventRounds "9"]
[EventCountry "GER"]
[SourceTitle "EXT 2019"]
[Source "ChessBase"]
[SourceDate "2018.10.10"]
[SourceVersion "1"]
[SourceVersionDate "2018.10.10"]
[SourceQuality "1"]
[WhiteTeam "Bebenhausen"]
[BlackTeam "Deizisau"]
[WhiteTeamCountry "GER"]
[BlackTeamCountry "GER"]

1. c4 Nf6 2. g3 g6 3. Bg2 Bg7 4. Nc3 0-0 5. d3 d6 6. Bg5 Nbd7 7. Qd2 Re8 8. e4 Rb8 9. Nge2 a6 10. Rc1 b5 11. cxb5 axb5 12. b4 c5 13. Rb1 cxb4 14. Rxb4 Qa5 15. Qb2 Ne5 16. Nc1 Nc6 17. a3 Nxb4 18. axb4 Qc7 19. Bd2 Be6 20. 0-0 Nd7 21. f4 Rec8 22. N1e2 Bg4 23. Bf3 Bxf3 24. Rxf3 Nb6 25. Qb3 e6 26. f5 Na4 27. fxe6 Nxc3 28. exf7+ Kf8 29. Bxc3 Bxc3 30. Nf4 Bd4+ 31. Kh1 Qc1+ 32. Kg2 Qc2+ 33. Qxc2 Rxc2+ 34. Kh3 Kxf7 35. Ne2+ Bf6 36. Nd4 Rc1 37. g4 Ke7 38. Ne2 Rc2 39. Nf4 Be5 40. Nd5+ Ke6 0-1

[Event "Oberliga Wuerttemberg 0910"]
[Site "Wuerttemberg"]
[Date "2009.10.11"]
[Round "1.6"]
[White "Neurohr, Karsten"]
[Black "Hehn, Hartmut"]
[Result "1/2-1/2"]
[WhiteElo "2118"]
[BlackElo "2036"]
[PlyCount "56"]
[EventDate "2009.10.11"]
[EventType "team-tourn"]
[EventRounds "9"]
[EventCountry "GER"]
[SourceTitle "EXT 2019"]
[Source "ChessBase"]
[SourceDate "2018.10.10"]
[SourceVersion "1"]
[SourceVersionDate "2018.10.10"]
[SourceQuality "1"]
[WhiteTeam "Bebenhausen"]
[BlackTeam "Ebersbach"]
[WhiteTeamCountry "GER"]
[BlackTeamCountry "GER"]

1. c4 f5 2. e4 d6 3. exf5 Bxf5 4. g4 Be4 5. f3 Bxb1 6. Rxb1 e5 7. Ne2 Nc6 8. Ng3 Qh4 9. Bd3 g6 10. Qa4 Bh6 11. Be4 Nge7 12. Kf2 0-0 13. Kg2 Rf7 14. Ne2 Raf8 15. b4 a6 16. Qb3 Bf4 17. Qd3 h5 18. Bxc6 Nxc6 19. Nxf4 exf4 20. Qxg6+ Rg7 21. Qe6+ Kh7 22. Qe1 Rxg4+ 23. fxg4 Qxg4+ 24. Kf2 Qh4+ 25. Kf1 Qh3+ 26. Kf2 Qh4+ 27. Kf1 Qh3+ 28. Kf2 Qh4+ 1/2-1/2

[Event "Oberliga Wuerttemberg 0809"]
[Site "Wuerttemberg"]
[Date "2009.03.01"]
[Round "7.7"]
[White "Koppenhoefer, Bernhard"]
[Black "Neurohr, Karsten"]
[Result "0-1"]
[WhiteElo "2066"]
[BlackElo "2128"]
[PlyCount "144"]
[EventDate "2008.10.12"]
[EventType "team-tourn"]
[EventRounds "9"]
[EventCountry "GER"]
[SourceTitle "EXT 2019"]
[Source "ChessBase"]
[SourceDate "2018.10.10"]
[SourceVersion "1"]
[SourceVersionDate "2018.10.10"]
[SourceQuality "1"]
[WhiteTeam "Tuebingen"]
[BlackTeam "Bebenhausen"]
[WhiteTeamCountry "GER"]
[BlackTeamCountry "GER"]

1. Nf3 Nf6 2. c4 c5 3. Nc3 d5 4. cxd5 Nxd5 5. Qb3 e6 6. e3 a6 7. d4 Nc6 8. Nxd5 exd5 9. dxc5 Bxc5 10. Bd2 0-0 11. Rc1 Ba7 12. Bd3 d4 13. 0-0 dxe3 14. fxe3 Be6 15. Bc4 Bxc4 16. Qxc4 Qd6 17. Rce1 Rae8 18. Kh1 Bb8 19. Bc3 Qh6 20. e4 Bg3 21. Rd1 Ne5 22. Bxe5 Rxe5 23. Rd5 Re6 24. Qd4 Bc7 25. Rd7 Rd6 26. Rxd6 Qxd6 27. Qc4 Rd8 28. e5 Qd3 29. Qc1 Bb6 30. Re1 Bf2 31. Rf1 Be3 32. Qe1 Rc8 33. Qd1 Qxd1 34. Rxd1 Rc1 35. Rxc1 Bxc1 36. b3 Kf8 37. Kg1 Ke7 38. Ne1 Bb2 39. Nd3 Bd4+ 40. Kf1 Ke6 41. Ke2 Kd5 42. Kf3 Bxe5 43. h3 Kd4 44. Ke2 Bd6 45. Kd2 h5 46. Nf2 f5 47. Nd1 b5 48. Ke1 Be5 49. Kd2 Bf4+ 50. Ke2 g6 51. Kf3 Bc1 52. Ke2 Bg5 53. Nb2 Bf4 54. Nd3 Bd6 55. Kd2 a5 56. Nb2 Bf4+ 57. Ke2 Kc3 58. Nd1+ Kb4 59. Kd3 Be5 60. Kc2 Bd4 61. Kd3 Kc5 62. a4 bxa4 63. bxa4 h4 64. Kd2 Kd5 65. Kd3 g5 66. Ke2 Ke4 67. Kd2 g4 68. Ke2 g3 69. Kd2 f4 70. Ke2 f3+ 71. gxf3+ Kf4 72. Kd3 g2 0-1